Major's physical diagnosis (Record no. 25123)

MARC details
000 -LEADER
fixed length control field 00352nam a2200145Ia 4500
082 ## - DEWEY DECIMAL CLASSIFICATION NUMBER
Classification number 616-073
Item number DEL
100 ## - MAIN ENTRY--AUTHOR NAME
Personal name Delp, Mahlon H
245 #0 - TITLE STATEMENT
Title Major's physical diagnosis
250 ## - EDITION STATEMENT
Edition statement 8
260 ## - PUBLICATION, DISTRIBUTION, ETC. (IMPRINT)
Place of publication London
Name of publisher W B Saunders
Year of publication 1975
650 ## - SUBJECT ADDED ENTRY--TOPICAL TERM
Topical Term Diagnosis
700 ## - ADDED ENTRY--PERSONAL NAME
Personal name Manning, Robert T
942 ## - ADDED ENTRY ELEMENTS (KOHA)
Koha item type Books
Holdings
Withdrawn status Lost status Damaged status Not for loan Home library Current library Date acquired Cost, normal purchase price Full call number Accession Number Koha item type
        RRII Library RRII Library 16/12/2021 7.70 616-073 DEL 05785 Books